| 000 | 00857nam a22001937a 4500 | ||
|---|---|---|---|
| 999 |
_c11861 _d11861 |
||
| 003 | AR-CdUCM | ||
| 008 | 190405b ||||| |||| 00| 0 spa d | ||
| 040 |
_aMUNICIPALIDAD PROVINCIAL DEL CUSCO _cBIBLIOTECA MUNICIPAL DEL CUSCO |
||
| 082 |
_22ed. _a343 / _bV66 / 1882 |
||
| 100 |
_aVillaran, L. F. _929435 |
||
| 245 | _aDerecho constitucional positivo / | ||
| 260 |
_aLima: _bImpr. de J. Francisco Solis, _c1882. |
||
| 300 |
_a251 páginas ; _c19 cm. |
||
| 505 | _aContenido: Principios generales -- Fundamentos morales de la justicia -- Formación de los estado -- La igualdad civil es condición para la unidad nacional y se funda en la naturaleza del hombre -- Nacionalidad antiguo principio del lugar del nacimiento ... | ||
| 650 |
_aDerecho sociales _929436 |
||
| 650 |
_aDerechos políticos _929437 |
||
| 942 |
_2ddc _cLIBROS |
||
| 945 |
_aacv _d05/04/2019 |
||